000 00607nam a22002414a 4500
001 UByD003253
003 AR-LpoUNG
005 20240927143151.0
008 240927s2022 ag 000 p spa d
020 _a9789872949280
040 _aAR-LpoUNG
_bspa
_cAR-LpoUNG
_eaacr
041 0 _aspa
082 0 _aA861 621ust
100 1 _aRivero, Franco
245 1 0 _aUd. no viaja asegurado
250 _a1ra. ed.
260 _aVilla Mercedes (San Luis. Argentina) :
_bDEACA,
_c2022.
300 _a56 p.
650 4 _aLITERATURA
650 4 _aPOESIA
653 0 _aLITERATURA ARGENTINA
942 _2ddc
_cLIB
999 _c65903
_d65903